Central Library OPAC University of Rajshahi

Practical business statistics / (Record no. 35668)

MARC details
000 -LEADER
fixed length control field 00757nam a22002532a 4500
001 - CONTROL NUMBER
control field 35668
003 - CONTROL NUMBER IDENTIFIER
rucl marc code BD-RjUL
005 - DATE AND TIME OF LATEST TRANSACTION
control field 20211209052348.0
008 - FIXED-LENGTH DATA ELEMENTS--GENERAL INFORMATION
fixed length control field 140529s1960 njua 000 0 eng d
035 ## - SYSTEM CONTROL NUMBER
System control number (BD-RjUL)35763
040 ## - CATALOGING SOURCE
Original cataloging agency DLC
Transcribing agency WSU
Modifying agency SER
-- UKM
-- EQO
Language of cataloging eng
041 ## - LANGUAGE CODE
Language code of text/sound track or separate title eng
082 ## - DEWEY DECIMAL CLASSIFICATION NUMBER
Classification number 519.5
Author mark and year CRP 1960
100 1# - MAIN ENTRY--PERSONAL NAME
Personal name Croxton, Frederick Emory,
Dates associated with a name 1899-1991.
9 (RLIN) 107546
245 10 - TITLE STATEMENT
Title Practical business statistics /
Statement of responsibility, etc. Frederick E. Croxton [and] Dudley J. Cowden
250 ## - EDITION STATEMENT
Edition statement 3d ed
260 ## - PUBLICATION, DISTRIBUTION, ETC. (IMPRINT)
Place of publication, distribution, etc. Englewood Cliffs, N.J :
Name of publisher, distributor, etc. Prentice-Hall,
Date of publication, distribution, etc. 1960
300 ## - PHYSICAL DESCRIPTION
Pagination 701 p. :
Illustrations illus. ;
Size 24 cm
650 #0 - SUBJECT ADDED ENTRY--TOPICAL TERM
Topical term or geographic name as entry element Statistics
9 (RLIN) 108587
700 1# - ADDED ENTRY--PERSONAL NAME
Personal name Cowden, Dudley J.,
Dates associated with a name 1899-1987.
942 ## - ADDED ENTRY ELEMENTS (KOHA)
Source of classification or shelving scheme Dewey Decimal Classification
Koha item type Books
Holdings
Lost status Source of classification or shelving scheme Damaged status Not for loan Collection code Permanent Location Current Location Shelving location Date acquired Source of acquisition Cost, normal purchase price Total Checkouts Full call number Date last seen Copy number Koha item type
  Dewey Decimal Classification     Non-fiction Central Library, University of Rajshahi Central Library, University of Rajshahi   26/09/1967 PARAMOUST BOOK CORPORATION 21.90   519.5 CRP 1960 29/05/2014 C-4 Books
  Dewey Decimal Classification     Non-fiction Central Library, University of Rajshahi Central Library, University of Rajshahi   26/09/1967 PARAMOUST BOOK CORPORATION 21.90   519.5 CRP 1960 10/06/2014 C-5 Books